|
|
|
|
| LEADER |
01700nam a2200397 i 4500 |
| 001 |
EBC6553883 |
| 003 |
MiAaPQ |
| 005 |
20211023144528.0 |
| 006 |
m o d | |
| 007 |
cr cnu|||||||| |
| 008 |
211023s2021 enk o 000 0 eng d |
| 020 |
|
|
|z 9781838675202
|q (print)
|
| 020 |
|
|
|a 9781838675219
|q (electronic bk.)
|
| 035 |
|
|
|a (MiAaPQ)EBC6553883
|
| 035 |
|
|
|a (Au-PeEL)EBL6553883
|
| 035 |
|
|
|a (OCoLC)1247678729
|
| 040 |
|
|
|a MiAaPQ
|b eng
|e rda
|e pn
|c MiAaPQ
|d MiAaPQ
|
| 050 |
|
4 |
|a HF5381
|b .W675 2021
|
| 082 |
0 |
|
|a 331.702
|2 23
|
| 245 |
0 |
0 |
|a Work life after failure? :
|b how employees bounce back, learn, and recover from work-related setbacks /
|c edited by Gisa Todt, Julia Backmann, Matthias Weiss.
|
| 264 |
|
1 |
|a Bingley, England :
|b Emerald Publishing,
|c [2021]
|
| 264 |
|
4 |
|c 2021
|
| 300 |
|
|
|a 1 online resource (288 pages)
|
| 336 |
|
|
|a text
|b txt
|2 rdacontent
|
| 337 |
|
|
|a computer
|b c
|2 rdamedia
|
| 338 |
|
|
|a online resource
|b cr
|2 rdacarrier
|
| 588 |
|
|
|a Description based on print version record.
|
| 590 |
|
|
|a Electronic reproduction. Ann Arbor, MI : ProQuest, 2018. Available via World Wide Web. Access may be limited to ProQuest affiliated libraries.
|
| 650 |
|
0 |
|a Vocational guidance.
|
| 655 |
|
4 |
|a Electronic books.
|
| 700 |
1 |
|
|a Todt, Gisa,
|e editor.
|
| 700 |
1 |
|
|a Backmann, Julia,
|e editor.
|
| 700 |
1 |
|
|a Weiss, Matthias,
|e editor.
|
| 776 |
0 |
8 |
|i Print version:
|t Work life after failure? : how employees bounce back, learn, and recover from work-related setbacks.
|d Bingley, England : Emerald Publishing, c2021
|h 288 pages
|z 9781838675202
|
| 797 |
2 |
|
|a ProQuest (Firm)
|
| 856 |
4 |
0 |
|u https://ebookcentral.proquest.com/lib/matrademy/detail.action?docID=6553883
|z Click to View
|